000 00437cam a2200145 4500500
005 20251228091221.0
041 _afre
042 _adc
100 1 0 _aRigal, Élisabeth
_eauthor
245 0 0 _aLa grammaire du « Meinen »
260 _c2005.
500 _a24
786 0 _nPhilosophie | 86 | 3 | 2005-06-01 | p. 62-85 | 0294-1805
856 4 1 _uhttps://shs.cairn.info/revue-philosophie-2005-3-page-62?lang=fr&redirect-ssocas=7080
999 _c1603135
_d1603135